header

Harmonic, wavelet and p-adic analysis (Record no. 236025)

MARC details
000 -LEADER
fixed length control field 01393nam a2200301Ia 4500
245 00 - TITLE STATEMENT
Title Harmonic, wavelet and p-adic analysis
260 ## - PUBLICATION, DISTRIBUTION, ETC. (IMPRINT)
Place of publication Singapore ;
-- Hackensack, NJ :
Name of publisher World Scientific,
Year of publication c2007.
300 ## - PHYSICAL DESCRIPTION
Number of Pages ix, 381 p. :
Other physical details ill.
500 ## - GENERAL NOTE
General note " ... in 2005, from June 10 to 15, at the Quy Nhon University of Vietnam, an international summer school on 'Harmonic, wavelet and p-adic analysis' was organized ... This volume contains the lectures given ..."--Preface.
650 #0 - SUBJECT ADDED ENTRY--TOPICAL TERM
Topical Term Harmonic analysis
Topical Term p-adic analysis
700 1# - ADDED ENTRY--PERSONAL NAME
Personal name Chuong, N. M.
856 40 - ELECTRONIC LOCATION AND ACCESS
Uniform Resource Identifier http://site.ebrary.com/lib/rucke/Doc?id=10188782

No items available.

© 2026 Rongo University
Contact us: librarian | system librarian | Rongo university